[Event "Asia-ch U20 (girls)"]
[Site "Chennai IND"]
[Date "2008.12.10"]
[Round "5"]
[White "Apurva, G"]
[Black "Janu, V"]
[Result "1/2-1/2"]
[WhiteElo "1909"]
[BlackElo "1768"]
[EventDate "2008.12.05"]
[PlyCount "143"]

1.f4 e6 2.Nf3 Bc5 3.d4 Be7 4.e4 Nf6 5.Bd3 c5 6.c3 cxd4 7.Nxd4 Nc6 8.Nd2 
Nxd4 9.cxd4 O-O 10.O-O d6 11.Qe2 e5 12.Kh1 exd4 13.Nb3 Bg4 14.Qf2 d5 15.e5
Ne4 16.Qxd4 Bf5 17.Be3 b6 18.Bxe4 dxe4 19.Qxd8 Rfxd8 20.Nd4 Bd7 21.Rac1 
Bc5 22.Rfd1 Rac8 23.Nc2 Kf8 24.Bxc5+ Rxc5 25.Ne3 Rxc1 26.Rxc1 Bb5 27.Kg1 
h5 28.Rd1 Rd3 29.Kf2 Ke8 30.Rxd3 exd3 31.g3 Kd7 32.Nd1 Ke6 33.Ke3 Kf5 34.
Nf2 g5 35.fxg5 Kxg5 36.Ne4+ Kg6 37.Nd6 Bd7 38.Kxd3 f6 39.exf6 Kxf6 40.Ne4+
Ke5 41.Ke3 Bc6 42.Nf2 Kf5 43.Kd4 Bb7 44.a4 Bc6 45.b3 Bd7 46.Nd3 Be6 47.b4 
Bb3 48.a5 bxa5 49.bxa5 Kg4 50.Nf2+ Kf3 51.Nh3 Kg2 52.Nf4+ Kxh2 53.Nxh5 Bd1
54.Nf6 Kxg3 55.Kc5 Be2 56.Nd7 Kf4 57.Nb8 Ke4 58.Nc6 a6 59.Nb4 Ke5 60.Kc6 
Bb5+ 61.Kc7 Kd4 62.Kb6 Bf1 63.Nxa6 Kd5 64.Nb8 Kd6 65.Nc6 Kd7 66.Na7 Kd6 
67.Kb7 Kd7 68.Nc8 Ba6+ 69.Kxa6 Kxc8 70.Kb6 Kb8 71.a6 Ka8 72.a7 1/2-1/2

[Event "Asia-ch U20 (girls)"]
[Site "Chennai IND"]
[Date "2008.12.10"]
[Round "5"]
[White "Bhakti, Kulkarni"]
[Black "Divyasri, CH"]
[Result "1-0"]
[WhiteElo "2163"]
[BlackElo "2124"]
[EventDate "2008.12.05"]
[PlyCount "85"]

1.d4 Nf6 2.c4 e6 3.Nf3 b6 4.Bg5 Bb7 5.Nc3 h6 6.Bh4 Be7 7.e3 Ne4 8.Nxe4 
Bxe4 9.Nd2 Bxh4 10.Nxe4 O-O 11.g3 Be7 12.Bg2 c6 13.d5 Bb4+ 14.Nc3 exd5 15.
cxd5 Qf6 16.Rc1 Na6 17.O-O Nc7 18.dxc6 dxc6 19.Qd7 Rac8 20.Qxc6 Ne6 21.Nd5
Qxb2 22.Qxc8 Rxc8 23.Rxc8+ Bf8 24.f4 g6 25.g4 Qa3 26.f5 gxf5 27.gxf5 Ng5 
28.h4 Nh7 29.f6 Qd6 30.Rf4 Qe6 31.Ra8 a5 32.Re4 Qd6 33.Ree8 Qg3 34.Ne7+ 
Kh8 35.Rxf8+ Nxf8 36.Rxf8+ Kh7 37.Rxf7+ Kh8 38.Nf5 Qg4 39.e4 Qd1+ 40.Kh2 
Qd2 41.Rg7 Qf4+ 42.Kh3 Qe5 43.f7 1-0

[Event "Asia-ch U20 (girls)"]
[Site "Chennai IND"]
[Date "2008.12.10"]
[Round "5"]
[White "Bharathi, R"]
[Black "Raghavi, Nagarajan"]
[Result "1/2-1/2"]
[WhiteElo "2031"]
[BlackElo "2099"]
[EventDate "2008.12.05"]
[PlyCount "78"]

1.e4 c5 2.Nf3 Nc6 3.d4 cxd4 4.Nxd4 Nf6 5.Nc3 e5 6.Ndb5 d6 7.Bg5 a6 8.Na3 
b5 9.Nd5 Be7 10.Bxf6 Bxf6 11.c3 Bg5 12.Nc2 Ne7 13.Ncb4 O-O 14.a4 bxa4 15.
Rxa4 Nxd5 16.Nxd5 a5 17.Bc4 Bd7 18.Ra2 Kh8 19.O-O f5 20.exf5 Bxf5 21.Kh1 
Rc8 22.b3 Be6 23.Ne3 Bxc4 24.Nxc4 d5 25.Nxe5 Rxc3 26.Qh5 Kg8 27.Nf3 Bf6 
28.Rd2 Rxb3 29.Rxd5 Qb6 30.Rxa5 Rb1 31.Qd5+ Kh8 32.Rg1 Rxg1+ 33.Nxg1 Qxf2 
34.Ra8 Be7 35.h3 h6 36.Rxf8+ Bxf8 37.Qf3 Bc5 38.Qxf2 Bxf2 39.Nf3 Kh7 
1/2-1/2

[Event "Asia-ch U20 (girls)"]
[Site "Chennai IND"]
[Date "2008.12.10"]
[Round "5"]
[White "Bhuvaneshwari, R"]
[Black "Supriya, Joshi"]
[Result "1/2-1/2"]
[WhiteElo "1650"]
[BlackElo "1771"]
[EventDate "2008.12.05"]
[PlyCount "40"]

1.c4 e5 2.Nc3 Nf6 3.g3 Bb4 4.Bg2 O-O 5.d3 Bxc3+ 6.bxc3 h6 7.Nf3 d6 8.O-O 
Nc6 9.Qc2 Be6 10.a4 Qd7 11.Rb1 Rab8 12.Re1 Bh3 13.Bh1 Nh5 14.Ba3 f5 15.Nd2
f4 16.Ne4 Rf5 17.Rb2 fxg3 18.hxg3 Kh8 19.Reb1 b6 20.Re1 Rbf8 1/2-1/2

[Event "Asia-ch U20 (girls)"]
[Site "Chennai IND"]
[Date "2008.12.10"]
[Round "5"]
[White "Kiran, Manisha Mohanty"]
[Black "Mohana, Priya J"]
[Result "1-0"]
[WhiteElo "2261"]
[BlackElo "2073"]
[EventDate "2008.12.05"]
[PlyCount "63"]

1.e4 e5 2.Nf3 Nc6 3.Bc4 Bc5 4.c3 Nf6 5.d3 d6 6.Bb3 O-O 7.h3 a6 8.Bg5 Qe7 
9.O-O h6 10.Bh4 Kh8 11.g4 g5 12.Bg3 Rg8 13.Qd2 Bd7 14.Kg2 Rg6 15.Rh1 Rag8 
16.Na3 h5 17.h4 Nxg4 18.hxg5 Kg7 19.Rxh5 Kf8 20.Rah1 Be6 21.Nc2 f6 22.Bxe6
Qxe6 23.d4 exd4 24.cxd4 Qxe4 25.Re1 Qf5 26.dxc5 Nge5 27.Ncd4 Nxf3 28.Nxf3 
Qxc5 29.Qe2 Ne5 30.Nxe5 dxe5 31.Qf3 Qd6 32.Rxe5 1-0

[Event "Asia-ch U20 (girls)"]
[Site "Chennai IND"]
[Date "2008.12.10"]
[Round "5"]
[White "Meenu, Rajendran"]
[Black "Gomes, Mary Ann"]
[Result "0-1"]
[WhiteElo "1977"]
[BlackElo "2298"]
[EventDate "2008.12.05"]
[PlyCount "84"]

1.e4 e6 2.d4 d5 3.e5 c5 4.c3 Nc6 5.Nf3 Qb6 6.Be2 Nh6 7.Bxh6 gxh6 8.Qd2 Bg7
9.O-O O-O 10.Na3 cxd4 11.cxd4 Bd7 12.Nc2 a5 13.Ne3 h5 14.Nc2 f6 15.exf6 
Rxf6 16.Bd3 Rxf3 17.gxf3 Nxd4 18.Nxd4 Qxd4 19.Qe3 Qf6 20.Kh1 Bc6 21.Rae1 
e5 22.Qe2 Rf8 23.Rg1 Kh8 24.Rg3 h4 25.Rg2 Qxf3 26.Qxf3 Rxf3 27.Be2 Rf7 28.
Kg1 e4 29.b3 Bd4 30.Bh5 Rf8 31.Re2 h3 32.Rg3 Bb5 33.Rc2 e3 34.Be2 exf2+ 
35.Kf1 Bxe2+ 36.Rxe2 Rc8 37.Rxf2 Rc1+ 38.Ke2 Rc2+ 39.Kd3 Bxf2 40.Rxh3 Rxa2
41.Rh5 d4 42.Rb5 Be3 0-1

[Event "Asia-ch U20 (girls)"]
[Site "Chennai IND"]
[Date "2008.12.10"]
[Round "5"]
[White "Nadig, Kruttika"]
[Black "Gagare, Shalmali"]
[Result "1-0"]
[WhiteElo "2387"]
[BlackElo "2110"]
[EventDate "2008.12.05"]
[PlyCount "121"]

1.e4 c6 2.d4 d5 3.exd5 cxd5 4.c4 Nf6 5.Nc3 e6 6.Nf3 dxc4 7.Bxc4 Be7 8.O-O 
O-O 9.Qe2 a6 10.a4 Nc6 11.Rd1 Nb4 12.a5 b5 13.axb6 Qxb6 14.d5 exd5 15.Qxe7
dxc4 16.Be3 Qb7 17.Bc5 Qxe7 18.Bxe7 Rb8 19.Bxf8 Kxf8 20.Ne5 Be6 21.h3 g6 
22.Ra4 Kg7 23.Nxc4 Bxc4 24.Rd4 Nd3 25.Raxc4 Nxb2 26.Rb4 Rxb4 27.Rxb4 Nd3 
28.Ra4 Nc5 29.Ra5 Nfe4 30.Nxe4 Nxe4 31.Rxa6 h5 32.h4 Nc5 33.Rb6 Ne6 34.g3 
Nd4 35.Kg2 Nf5 36.Kf3 Nd4+ 37.Ke4 Nf5 38.Ke5 Nh6 39.Kd6 Nf5+ 40.Kd7 Nh6 
41.Ke7 Nf5+ 42.Ke8 Nh6 43.Rb7 Kf6 44.Ra7 Kg7 45.f3 Kg8 46.Ra4 Nf5 47.g4 
Nxh4 48.gxh5 Nxf3 49.hxg6 fxg6 50.Rf4 Ne5 51.Ke7 Kg7 52.Ke6 g5 53.Rf5 Ng6 
54.Rxg5 Kh6 55.Kf6 Nf4 56.Rg4 Nh5+ 57.Kf7 Kh7 58.Rg6 Nf4 59.Rg4 Nh5 60.Rg5
Nf4 61.Rf5 1-0

[Event "Asia-ch U20 (girls)"]
[Site "Chennai IND"]
[Date "2008.12.10"]
[Round "5"]
[White "Shristi, J Shetty"]
[Black "Padmini, Rout"]
[Result "0-1"]
[WhiteElo "1959"]
[BlackElo "2235"]
[EventDate "2008.12.05"]
[PlyCount "78"]

1.e4 c5 2.Nf3 d6 3.Bb5+ Nc6 4.O-O Bd7 5.c3 Nf6 6.Re1 a6 7.Bf1 Bg4 8.d3 e6 
9.Bg5 Be7 10.Nbd2 O-O 11.Qc2 Rc8 12.g3 h6 13.Bxf6 Bxf6 14.h3 Bh5 15.Nh2 g5
16.Bg2 Kh8 17.Ndf1 Bg7 18.g4 Bg6 19.Ne3 Ne7 20.Qb3 b5 21.a4 b4 22.cxb4 Rb8
23.b5 Nc6 24.Nf3 Na5 25.Qc2 axb5 26.Reb1 Nc6 27.axb5 Rxb5 28.Qa4 Qb8 29.
Nc4 d5 30.Ncd2 Rb6 31.Bf1 Nd4 32.Ra2 Nxf3+ 33.Nxf3 dxe4 34.dxe4 Rb4 35.Qd1
Bxe4 36.Rc1 Rd8 37.Qe2 Qf4 38.Rd1 Rxd1 39.Qxd1 Qxf3 0-1

[Event "Asia-ch U20 (girls)"]
[Site "Chennai IND"]
[Date "2008.12.10"]
[Round "5"]
[White "Sivasankari, P"]
[Black "Michelle, Catherina P"]
[Result "1-0"]
[WhiteElo "2089"]
[BlackElo "1713"]
[EventDate "2008.12.05"]
[PlyCount "131"]

1.d4 Nf6 2.c4 e6 3.Nf3 d5 4.Nc3 Bb4 5.e3 O-O 6.Bd3 b6 7.O-O dxc4 8.Bxc4 
Bb7 9.Ne5 Nbd7 10.f4 Nxe5 11.fxe5 Nd5 12.Ne2 c6 13.Ng3 Ne7 14.a3 Ba5 15.b4
b5 16.Bxe6 fxe6 17.Rxf8+ Kxf8 18.Qf3+ Kg8 19.bxa5 Qxa5 20.Ne4 c5 21.Bd2 
Qxd2 22.Nxd2 Bxf3 23.Nxf3 c4 24.Ng5 Nd5 25.Nxe6 Nxe3 26.Nc7 Rd8 27.Nxb5 a6
28.Nd6 Nc2 29.Ra2 Nxd4 30.Nxc4 Rc8 31.Nd6 Rc1+ 32.Kf2 Rc2+ 33.Rxc2 Nxc2 
34.a4 Kf8 35.g3 Ke7 36.Kf3 Ke6 37.Ke4 Nb4 38.Nb7 Ke7 39.Nc5 g6 40.g4 h6 
41.h4 a5 42.Nb3 Na6 43.Nxa5 Nc5+ 44.Kd5 Nxa4 45.Nc6+ Kd7 46.e6+ Ke8 47.Ke5
h5 48.g5 Nc5 49.Kf6 Ne4+ 50.Kxg6 Ng3 51.Kh7 Nf5 52.g6 Kf8 53.e7+ Ke8 54.g7
Nxg7 55.Kxg7 Kd7 56.Kf7 Kxc6 57.e8=Q+ Kd5 58.Qe3 Kd6 59.Qe4 Kd7 60.Qe6+ 
Kc7 61.Ke7 Kb7 62.Kd7 Kb8 63.Qc6 Ka7 64.Qb5 Ka8 65.Kc8 Ka7 66.Qb7# 1-0

[Event "Asia-ch U20 (girls)"]
[Site "Chennai IND"]
[Date "2008.12.10"]
[Round "5"]
[White "Sowmia, A"]
[Black "Harini, S"]
[Result "1/2-1/2"]
[WhiteElo "1685"]
[BlackElo "2001"]
[EventDate "2008.12.05"]
[PlyCount "155"]

1.e4 c5 2.f4 d6 3.Nf3 Nc6 4.Nc3 e6 5.Bb5 Bd7 6.d3 g6 7.Bd2 Bg7 8.Rb1 Nge7 
9.O-O O-O 10.Qe1 a6 11.Bxc6 Bxc6 12.Ne2 c4 13.Ned4 cxd3 14.cxd3 e5 15.Nxc6
bxc6 16.Qc1 Rc8 17.Kh1 c5 18.fxe5 dxe5 19.Qc4 Rc6 20.Rbd1 h6 21.Bc3 Qd6 
22.Nh4 Bf6 23.Nf3 g5 24.Ng1 Ng6 25.Ne2 Nf4 26.Nxf4 exf4 27.Bxf6 Qxf6 28.
Rf2 Rd8 29.Qc3 Qd4 30.Qxd4 Rxd4 31.b3 Rcd6 32.Rfd2 a5 33.Kg1 a4 34.bxa4 c4
35.a5 cxd3 36.a3 Kg7 37.Kf2 g4 38.h3 h5 39.hxg4 hxg4 40.g3 Rxe4 41.Rxd3 
Rxd3 42.Rxd3 f3 43.a6 Ra4 44.Rd5 f6 45.Rd7+ Kg6 46.a7 Rxa3 47.Rd4 Kf5 48.
Rd7 Ra2+ 49.Kf1 Ke6 50.Rb7 f5 51.Rb6+ Ke5 52.Rb5+ Kf6 53.Rb6+ Kg5 54.Rb7 
Kg6 55.Rb6+ Kf7 56.Rb7+ Ke6 57.Rb6+ Kd5 58.Rb5+ Kc4 59.Rxf5 Rxa7 60.Kf2 
Ra2+ 61.Ke3 Re2+ 62.Kf4 f2 63.Kxg4 Kd3 64.Kh3 Kd2 65.g4 Ke1 66.g5 f1=Q+ 
67.Rxf1+ Kxf1 68.Kg4 Kf2 69.g6 Ke3 70.Kf5 Rf2+ 71.Ke6 Ra2 72.g7 Ra6+ 73.
Kf7 Ra7+ 74.Kg6 Ra8 75.Kh7 Ra7 76.Kh8 Ra8+ 77.g8=Q Rxg8+ 78.Kxg8 1/2-1/2

[Event "Asia-ch U20 (girls)"]
[Site "Chennai IND"]
[Date "2008.12.10"]
[Round "5"]
[White "Taraswinee, B"]
[Black "Dharani, Sree R"]
[Result "1/2-1/2"]
[WhiteElo "1819"]
[BlackElo "1733"]
[EventDate "2008.12.05"]
[PlyCount "175"]

1.e4 c5 2.c3 Nf6 3.e5 Nd5 4.d4 cxd4 5.Qxd4 e6 6.Nf3 Nc6 7.Qe4 Be7 8.Qg4 
Rg8 9.Bd3 g6 10.O-O d6 11.Re1 dxe5 12.Bb5 Bd7 13.Bxc6 Bxc6 14.Nxe5 Nf6 15.
Qh3 h5 16.Nxf7 Qd5 17.Ne5 Rd8 18.Nd2 Rc8 19.Ndf3 Ne4 20.Be3 Rd8 21.c4 Qd6 
22.Nxc6 Qxc6 23.Nd4 Qxc4 24.Nxe6 Rd6 25.Ng5 Bxg5 26.Bxg5 Re6 27.Be3 Qd5 
28.f3 Nf6 29.Qxe6+ Qxe6 30.Bxa7 Qxe1+ 31.Rxe1+ Kd7 32.Bd4 Nd5 33.Kf2 Nb4 
34.a3 Nd3+ 35.Ke2 Nxe1 36.Kxe1 Kc6 37.Bc3 Kd5 38.Kf2 Re8 39.Kg3 Ke6 40.Kf4
Kf7 41.h4 Re2 42.g4 Rh2 43.Kg5 Rg2 44.Kf4 Rh2 45.Kg3 Re2 46.gxh5 gxh5 47.
Kf4 Rg2 48.a4 Ke6 49.a5 Rg8 50.Ke4 Rg2 51.Kf4 Rg8 52.b4 Rc8 53.Be1 Rg8 54.
Ke4 Rg2 55.Kd4 Re2 56.Bg3 Rc2 57.Be1 Rc8 58.Bf2 Rc2 59.Be3 Rc8 60.Bg5 Rc6 
61.b5 Rc8 62.f4 Kd6 63.f5 Ra8 64.f6 Rxa5 65.f7 Ra4+ 66.Kc3 Ra8 67.Bh6 Ke7 
68.f8=Q+ Rxf8 69.Bxf8+ Kxf8 70.Kc4 Ke7 71.Kc5 Kd7 72.Kb6 Kc8 73.Ka7 Kc7 
74.Ka8 Kb6 75.Kb8 Kxb5 76.Kxb7 Kc5 77.Ka6 Kd4 78.Kb5 Ke3 79.Kc4 Kf4 80.Kd4
Kg4 81.Ke4 Kxh4 82.Kf4 Kh3 83.Kf3 h4 84.Kf2 Kh2 85.Kf1 h3 86.Kf2 Kh1 87.
Kf1 h2 88.Kf2 1/2-1/2

[Event "Asia-ch U20 (girls)"]
[Site "Chennai IND"]
[Date "2008.12.10"]
[Round "5"]
[White "Thilakawardana, Supeshala"]
[Black "Uthra, P"]
[Result "0-1"]
[WhiteElo "1815"]
[BlackElo "2114"]
[EventDate "2008.12.05"]
[PlyCount "48"]

1.d4 c5 2.Nf3 Nf6 3.c3 d5 4.Bf4 Nc6 5.e3 Bg4 6.Be2 e6 7.Nbd2 Be7 8.h3 Bh5 
9.g4 Bg6 10.Bb5 Nd7 11.Qa4 Qb6 12.Ne5 Ndxe5 13.Bxe5 O-O 14.O-O-O cxd4 15.
Bxd4 Nxd4 16.exd4 a6 17.Be2 Qc7 18.a3 b5 19.Qb3 Rfb8 20.Nf3 Qf4+ 21.Rd2 
Be4 22.Qd1 b4 23.axb4 Bxb4 24.Ne5 Bxc3 0-1

[Event "Asia-ch U20 (girls)"]
[Site "Chennai IND"]
[Date "2008.12.11"]
[Round "6"]
[White "Bhakti, Kulkarni"]
[Black "Nadig, Kruttika"]
[Result "1/2-1/2"]
[WhiteElo "2163"]
[BlackElo "2387"]
[EventDate "2008.12.05"]
[PlyCount "112"]

1.d4 Nf6 2.Bg5 g6 3.Bxf6 exf6 4.g3 Bg7 5.Bg2 d5 6.e3 O-O 7.Ne2 c6 8.O-O f5
9.Nd2 Nd7 10.b3 Nf6 11.c4 Re8 12.Nc3 Ne4 13.Ndxe4 fxe4 14.cxd5 cxd5 15.f3 
Bh6 16.f4 Bf8 17.a3 Be6 18.b4 a5 19.b5 Rc8 20.Qb3 Rc4 21.b6 Qd6 22.Rfc1 
Rec8 23.Bf1 R4c6 24.Nb5 Rxc1 25.Nxd6 Rxa1 26.Nxc8 Bh3 27.Kf2 Rxf1+ 28.Ke2 
Ra1 29.Qxd5 Bxc8 30.Qxa5 Ra2+ 31.Kd1 Rxa3 32.Qe5 Rxe3 33.Qc7 Rd3+ 34.Kc2 
Bf5 35.g4 Bxg4 36.Qxb7 Bf5 37.Qa8 e3 38.b7 Rxd4+ 39.Kc3 Rd3+ 40.Kc4 Be4 
41.b8=Q Bxa8 42.Kxd3 Bd5 43.Kxe3 Be6 44.Ke4 Kg7 45.Ke5 Be7 46.Qb7 Bf6+ 47.
Kd6 Bh4 48.Qb8 Bf6 49.Qe8 Bh4 50.Ke5 Bf6+ 51.Ke4 Bf5+ 52.Kf3 Be6 53.Kg3 
Bf5 54.h4 h5 55.Qe3 Bg4 56.Qc5 Bf5 1/2-1/2

[Event "Asia-ch U20 (girls)"]
[Site "Chennai IND"]
[Date "2008.12.11"]
[Round "6"]
[White "Dharani, Sree R"]
[Black "Thilakawardana, Supeshala"]
[Result "1/2-1/2"]
[WhiteElo "1733"]
[BlackElo "1815"]
[EventDate "2008.12.05"]
[PlyCount "43"]

1.c4 e5 2.Nc3 Nc6 3.g3 Bb4 4.Bg2 Bxc3 5.bxc3 d6 6.d4 f5 7.e3 Nf6 8.Ne2 O-O
9.O-O Qe8 10.dxe5 Nxe5 11.Nf4 Kh8 12.Nd5 Qf7 13.Nxf6 Qxf6 14.c5 dxc5 15.f4
Ng4 16.h3 Nh6 17.Qc2 Rb8 18.Bb2 Re8 19.c4 Qg6 20.Qf2 Qe6 21.Be5 Qe7 22.Qb2
1/2-1/2

[Event "Asia-ch U20 (girls)"]
[Site "Chennai IND"]
[Date "2008.12.11"]
[Round "6"]
[White "Divyasri, CH"]
[Black "Bharathi, R"]
[Result "0-1"]
[WhiteElo "2124"]
[BlackElo "2031"]
[EventDate "2008.12.05"]
[PlyCount "136"]

1.e4 c6 2.d4 d5 3.Nc3 dxe4 4.Nxe4 Nd7 5.Nf3 Ngf6 6.Ng3 e6 7.Bd3 c5 8.O-O 
cxd4 9.Nxd4 Bc5 10.Nf3 O-O 11.Qe2 Qc7 12.c4 b6 13.Ne4 Be7 14.Bg5 Bb7 15.
Rad1 Rac8 16.Nxf6+ Nxf6 17.Ne5 h6 18.Bxf6 Bxf6 19.Nd7 Rfd8 20.Nxf6+ gxf6 
21.Qg4+ Kh8 22.Qh4 Kg7 23.Rfe1 Qc6 24.Qh3 Rd4 25.Re3 Qxc4 26.Bxc4 Rxd1+ 
27.Bf1 Rcc1 28.Qg4+ Kf8 29.Qe2 Bd5 30.Rc3 Rxf1+ 31.Qxf1 Rxf1+ 32.Kxf1 Bxa2
33.Rc8+ Kg7 34.Rc7 a5 35.Rc6 b5 36.Ra6 a4 37.Ke1 Bc4 38.Kd2 Kg6 39.Rb6 e5 
40.Ke3 Kg5 41.Rb8 f5 42.g3 f6 43.Rb6 Kg6 44.h4 h5 45.Kd2 f4 46.gxf4 exf4 
47.Kc3 Kf5 48.Kd4 Be2 49.Rc6 f3 50.Ke3 Kg4 51.Rxf6 Kxh4 52.Rh6 Kg4 53.Rg6+
Kh3 54.Rh6 h4 55.Rh7 Bd1 56.Rh5 b4 57.Rb5 a3 58.bxa3 bxa3 59.Rb1 Kg2 60.
Rxd1 h3 61.Rd8 h2 62.Rg8+ Kf1 63.Rh8 a2 64.Rxh2 Kg1 65.Rh3 a1=Q 66.Rg3+ 
Kf1 67.Rxf3 Qe5+ 68.Kd3 Qe2+ 0-1

[Event "Asia-ch U20 (girls)"]
[Site "Chennai IND"]
[Date "2008.12.11"]
[Round "6"]
[White "Gagare, Shalmali"]
[Black "Sivasankari, P"]
[Result "1/2-1/2"]
[WhiteElo "2110"]
[BlackElo "2089"]
[EventDate "2008.12.05"]
[PlyCount "106"]

1.c4 g6 2.Nf3 Bg7 3.g3 c5 4.Nc3 Nc6 5.Bg2 e5 6.O-O Nge7 7.d3 O-O 8.a3 d6 
9.Rb1 f5 10.Bg5 h6 11.Bxe7 Nxe7 12.Qc2 Rb8 13.b4 Be6 14.Nd2 Qd7 15.bxc5 
dxc5 16.Rb5 Rfd8 17.Rd1 b6 18.a4 Nc6 19.Bxc6 Qxc6 20.Rdb1 Qd6 21.R5b2 a6 
22.Nf1 e4 23.dxe4 Bxc4 24.exf5 gxf5 25.Ne3 Be6 26.Rc1 f4 27.Nf5 Bxf5 28.
Qxf5 fxg3 29.hxg3 Qc6 30.Rbc2 Rd4 31.e3 Rd7 32.e4 Rf8 33.Qg4 Rd4 34.Nd5 
Qxd5 35.Qxg7+ Kxg7 36.exd5 Rxd5 37.a5 bxa5 38.Rxc5 Rd2 39.Rc7+ Kg8 40.Rf1 
Rf6 41.Kg2 a4 42.Rc4 a3 43.Ra4 a2 44.Kh3 Rb2 45.f4 Rb1 46.Kg2 Rb2+ 47.Rf2 
Rfb6 48.Rxa2 Rxf2+ 49.Kxf2 Kf7 50.Kf3 Kg6 51.Kg4 Rc6 52.Ra5 Rb6 53.Kh4 Rf6
1/2-1/2

[Event "Asia-ch U20 (girls)"]
[Site "Chennai IND"]
[Date "2008.12.11"]
[Round "6"]
[White "Gomes, Mary Ann"]
[Black "Kiran, Manisha Mohanty"]
[Result "1-0"]
[WhiteElo "2298"]
[BlackElo "2261"]
[EventDate "2008.12.05"]
[PlyCount "65"]

1.Nf3 c5 2.e4 d6 3.Bb5+ Nd7 4.d4 Nf6 5.Nc3 cxd4 6.Qxd4 e5 7.Qd1 h6 8.a4 a6
9.Bc4 Qc7 10.Qe2 Nc5 11.b4 Ne6 12.Nd5 Qd8 13.Be3 Nxd5 14.exd5 Ng5 15.Nxg5 
hxg5 16.Bd3 f5 17.f3 Qf6 18.Rc1 Be7 19.c4 g4 20.fxg4 e4 21.Bb1 f4 22.Rf1 
Rxh2 23.Bxf4 Qh4+ 24.Kd2 e3+ 25.Kxe3 Bxg4 26.Qf2 Qh5 27.Bxh2 Qxh2 28.Bg6+ 
Kd8 29.Kd3 Kc7 30.c5 Kb8 31.Rh1 Qe5 32.Rh8+ Kc7 33.cxd6+ 1-0

[Event "Asia-ch U20 (girls)"]
[Site "Chennai IND"]
[Date "2008.12.11"]
[Round "6"]
[White "Harini, S"]
[Black "Aparna, Raja"]
[Result "1-0"]
[WhiteElo "2001"]
[BlackElo "1753"]
[EventDate "2008.12.05"]
[PlyCount "56"]

1.e4 c5 2.Nf3 d6 3.d4 cxd4 4.Nxd4 Nf6 5.Nc3 a6 6.Bc4 e6 7.Bb3 Nbd7 8.f4 
Nc5 9.e5 Nfd7 10.exd6 Nf6 11.Be3 Bxd6 12.Qf3 O-O 13.O-O-O Qc7 14.g4 e5 15.
fxe5 Nxb3+ 16.axb3 Bxe5 17.Rhg1 Qa5 18.Kb1 Be6 19.Nxe6 fxe6 20.Qxb7 Bxc3 
21.bxc3 Nd5 22.Bd4 Nxc3+ 23.Bxc3 Qxc3 24.Qe4 Rfe8 25.Rd7 a5 26.Rg3 Qc5 27.
Rh3 h6 28.Rxh6 Re7 1-0

[Event "Asia-ch U20 (girls)"]
[Site "Chennai IND"]
[Date "2008.12.11"]
[Round "6"]
[White "Janu, V"]
[Black "Aparajita, Gochhikar"]
[Result "1/2-1/2"]
[WhiteElo "1768"]
[BlackElo "1918"]
[EventDate "2008.12.05"]
[PlyCount "130"]

1.e4 d6 2.g3 Nf6 3.Bg2 g6 4.d3 Bg7 5.Nd2 e5 6.Ngf3 Nc6 7.O-O O-O 8.Re1 Bg4
9.h3 Bd7 10.Nf1 Qc8 11.h4 Nh5 12.Ne3 Nd4 13.Nxd4 exd4 14.Nd5 Qd8 15.Bf3 
Nf6 16.Bg5 c6 17.Nxf6+ Bxf6 18.Bxf6 Qxf6 19.Bg2 Rfe8 20.Qf3 Qxf3 21.Bxf3 
Re7 22.Kg2 Rae8 23.h5 d5 24.hxg6 hxg6 25.Rh1 dxe4 26.Bxe4 f5 27.Bf3 Kg7 
28.Raf1 b6 29.Rh4 c5 30.Rfh1 Kf6 31.Rh6 Be6 32.a3 Bf7 33.g4 fxg4 34.Be4 
Rg8 35.Kg3 Be6 36.R6h4 Bf5 37.Bxf5 gxf5 38.Rh6+ Rg6 39.Rh7 Rxh7 40.Rxh7 
Rg7 41.Rh6+ Rg6 42.Rh7 Rg7 43.Rh6+ Rg6 44.Rh7 Rg7 45.Rh6+ Kg5 46.Re6 Rh7 
47.Re8 f4+ 48.Kg2 f3+ 49.Kg1 Rf7 50.Re5+ Kf4 51.Re4+ Kf5 52.Kh2 Rh7+ 53.
Kg1 Rh6 54.Re8 Re6 55.Rf8+ Rf6 56.Re8 a6 57.Kh2 Rh6+ 58.Kg1 a5 59.a4 Re6 
60.Rf8+ Rf6 61.Re8 Re6 62.Rf8+ Rf6 63.Re8 Kg5 64.Rg8+ Kf5 65.Re8 Re6 
1/2-1/2

[Event "Asia-ch U20 (girls)"]
[Site "Chennai IND"]
[Date "2008.12.11"]
[Round "6"]
[White "Khushboo, M"]
[Black "Bhuvaneshwari, R"]
[Result "1/2-1/2"]
[WhiteElo "1827"]
[BlackElo "1650"]
[EventDate "2008.12.05"]
[PlyCount "72"]

1.e4 e6 2.d3 d5 3.Nd2 c5 4.Ngf3 Nc6 5.g3 Nf6 6.Bg2 Be7 7.O-O O-O 8.Qe2 b5 
9.c3 a5 10.d4 Ba6 11.Re1 Qb6 12.e5 Nd7 13.Nb3 b4 14.Qc2 h6 15.dxc5 Nxc5 
16.Be3 a4 17.Nxc5 Bxc5 18.Bxc5 Qxc5 19.Qxa4 Bc4 20.Qc2 Rxa2 21.Rxa2 b3 22.
Ra5 Qxa5 23.Qc1 Ra8 24.Nd2 Qb5 25.Nxc4 Qxc4 26.Bf1 Qa4 27.Bd3 Na5 28.Qd1 
Nc4 29.Qe2 Qa2 30.Rb1 Ra4 31.Kg2 Ra8 32.Kg1 Ra4 33.Kg2 Ra8 34.Kg1 Ra4 35.
Kg2 Ra8 36.Kg1 Ra4 1/2-1/2

[Event "Asia-ch U20 (girls)"]
[Site "Chennai IND"]
[Date "2008.12.11"]
[Round "6"]
[White "Michelle, Catherina P"]
[Black "Taraswinee, B"]
[Result "1-0"]
[WhiteElo "1713"]
[BlackElo "1819"]
[EventDate "2008.12.05"]
[PlyCount "67"]

1.e4 e5 2.Nf3 Nf6 3.Nxe5 d6 4.Nf3 Nxe4 5.Nc3 Nxc3 6.dxc3 Bg4 7.Be3 Be7 8.
Bd3 a6 9.h3 Be6 10.Nd4 Bd5 11.Qg4 g6 12.O-O Nc6 13.c4 Ne5 14.Qe2 Nxd3 15.
cxd3 Be6 16.Nxe6 fxe6 17.d4 Qd7 18.Rfe1 O-O-O 19.b4 b6 20.Rec1 c6 21.b5 
axb5 22.cxb5 c5 23.a4 Kc7 24.dxc5 dxc5 25.a5 Qd3 26.Bf4+ Rd6 27.Qxd3 Rd8 
28.axb6+ Kxb6 29.Ra6+ Kc7 30.b6+ Kb7 31.Bxd6 Rxd6 32.Qb5 Bg5 33.Ra7+ Kb8 
34.Qxc5 1-0

[Event "Asia-ch U20 (girls)"]
[Site "Chennai IND"]
[Date "2008.12.11"]
[Round "6"]
[White "Mohana, Priya J"]
[Black "Apurva, G"]
[Result "1-0"]
[WhiteElo "2073"]
[BlackElo "1909"]
[EventDate "2008.12.05"]
[PlyCount "97"]

1.d4 d5 2.c4 c6 3.e3 Nf6 4.Nc3 e6 5.Nf3 Nbd7 6.Qd3 Be7 7.Be2 c5 8.cxd5 
exd5 9.dxc5 Nxc5 10.Qc2 O-O 11.O-O Qa5 12.Bd2 Qb6 13.Nd4 Rd8 14.Bf3 Bg4 
15.Rac1 a6 16.Rfd1 g6 17.Be1 Bxf3 18.Nxf3 Rac8 19.Qe2 Ne6 20.Nxd5 Nxd5 21.
Rxc8 Rxc8 22.Rxd5 Qc6 23.Qd1 Bf6 24.Rd2 Qc4 25.Nd4 Nxd4 26.exd4 Qxa2 27.d5
Rd8 28.d6 Qe6 29.d7 Kg7 30.Rd6 Qc4 31.Ba5 Rg8 32.Rxf6 Kxf6 33.d8=Q+ Rxd8 
34.Bxd8+ Kg7 35.h3 b5 36.Bb6 h5 37.Qd4+ Qxd4 38.Bxd4+ Kf8 39.b4 Ke7 40.Kf1
Kd6 41.Ke2 Kd5 42.Kd3 g5 43.g4 hxg4 44.hxg4 Ke6 45.Ke4 Kd6 46.Bf6 Ke6 47.
Bxg5 f6 48.Bd2 Kd6 49.Kf5 1-0

[Event "Asia-ch U20 (girls)"]
[Site "Chennai IND"]
[Date "2008.12.11"]
[Round "6"]
[White "Preethi, Rajkumar"]
[Black "Padmini, Rout"]
[Result "0-1"]
[WhiteElo "2156"]
[BlackElo "2235"]
[EventDate "2008.12.05"]
[PlyCount "64"]

1.e4 c5 2.Nf3 d6 3.d4 cxd4 4.Nxd4 Nf6 5.Nc3 a6 6.Be2 e6 7.g4 h6 8.Be3 b5 
9.Bf3 b4 10.e5 dxe5 11.Bxa8 exd4 12.Bf4 bxc3 13.bxc3 Bd6 14.Bxd6 Qxd6 15.
cxd4 O-O 16.O-O Nc6 17.c3 a5 18.Qf3 Bd7 19.Bb7 e5 20.Qg3 Qb8 21.Rab1 exd4 
22.Qg2 Qd6 23.Rfc1 Rb8 24.Bxc6 Rxb1 25.Rxb1 Bxc6 26.Qh3 dxc3 27.Rc1 Ne4 
28.Qe3 Qd7 29.f3 Qd2 30.Re1 Qxe3+ 31.Rxe3 c2 32.Re1 Nc3 0-1

[Event "Asia-ch U20 (girls)"]
[Site "Chennai IND"]
[Date "2008.12.11"]
[Round "6"]
[White "Raghavi, Nagarajan"]
[Black "Shristi, J Shetty"]
[Result "1-0"]
[WhiteElo "2099"]
[BlackElo "1959"]
[EventDate "2008.12.05"]
[PlyCount "79"]

1.e4 c5 2.Nf3 Nc6 3.d4 cxd4 4.Nxd4 Nf6 5.Nc3 e5 6.Ndb5 d6 7.Bg5 a6 8.Na3 
b5 9.Nd5 Be7 10.Bxf6 Bxf6 11.c3 O-O 12.Nc2 Bg5 13.a4 bxa4 14.Rxa4 a5 15.
Bc4 Rb8 16.Ra2 Kh8 17.Nce3 g6 18.h4 Bxh4 19.g3 Bg5 20.f4 exf4 21.gxf4 Bh4+
22.Kf1 f5 23.b4 Bf6 24.b5 Ne5 25.fxe5 Bxe5 26.exf5 Bxf5 27.Nxf5 Rxf5+ 28.
Rf2 Qg5 29.Rxf5 Qxf5+ 30.Ke2 Re8 31.Ne3 Bxc3 32.Rf1 Qg4+ 33.Kd3 Qd4+ 34.
Kc2 Qxe3 35.Rf3 Qe5 36.Rxc3 Rf8 37.Qd5 Qf4 38.Kb3 Kg7 39.Rd3 h5 40.Qxd6 
1-0

[Event "Asia-ch U20 (girls)"]
[Site "Chennai IND"]
[Date "2008.12.11"]
[Round "6"]
[White "Sushmitha, G"]
[Black "Supriya, Joshi"]
[Result "0-1"]
[WhiteElo "1558"]
[BlackElo "1771"]
[EventDate "2008.12.05"]
[PlyCount "120"]

1.e4 d6 2.d4 Nf6 3.Nc3 e5 4.d5 g6 5.f3 Bg7 6.Be3 Ng8 7.Qd2 Bh6 8.O-O-O 
Bxe3 9.Qxe3 Nd7 10.Bc4 a6 11.Bb3 b5 12.a3 Nc5 13.Ba2 h6 14.h4 h5 15.Nge2 
Rb8 16.b4 Nd7 17.Qg5 Qxg5+ 18.hxg5 f6 19.gxf6 Ngxf6 20.g4 Rf8 21.gxh5 Nxh5
22.Rdf1 Nf4 23.Nxf4 exf4 24.Rh6 Ne5 25.Ne2 Ke7 26.Nd4 Bd7 27.Rh7+ Rf7 28.
Rfh1 Rf8 29.Ne6 Rxh7 30.Rxh7+ Rf7 31.Rxf7+ Kxf7 32.Nxf4 Nxf3 33.Kd1 g5 34.
Ng2 Bh3 35.Ne1 Nxe1 36.Kxe1 Kf6 37.c4 Ke5 38.cxb5 axb5 39.Bb1 Kd4 40.Kf2 
Kc3 41.Ke3 Bf1 42.Kf3 Kb2 43.Kf2 Kxb1 44.Kxf1 Kc2 45.Ke2 g4 46.Ke3 Kc3 47.
Kf2 Kd4 48.Kg3 Kxe4 49.Kxg4 Kxd5 50.Kf5 Kc4 51.Ke4 d5+ 52.Ke3 d4+ 53.Kd2 
d3 54.Kd1 Kc3 55.Kc1 d2+ 56.Kd1 Kd3 57.a4 bxa4 58.b5 a3 59.b6 a2 60.bxc7 
a1=Q# 0-1